000 00909nam a22002775i 4500
001 23033443
003 OSt
005 20260207102830.0
008 230324s2023 cau 000 0 eng
020 _a9781529740974 (paperback)
040 _aDLC
_beng
_erda
_cNUST
_dNUST
050 _aH62 CHE
100 1 _aCherry, Gemma,
_eauthor.
245 1 0 _aDoing a systematic review :
_ba student's guide /
_cGemma Cherry.
250 _aThird edition.
260 _aLondon ;
_bSAGE ,
_c©2024.
300 _axxvii, 342 pages ;
_billustrations ,
_c25 cm.
336 _atext
_btxt
_2rdacontent
337 _aunmediated
_bn
_2rdamedia
338 _avolume
_bnc
_2rdacarrier
504 _aIncludes Bibliographical references and index.
650 _asystematic review.
700 1 _aBoland, Angela,
_eauthor.
700 1 _aDickson, Rumona,
_eauthor.
942 _2lcc
_n0
_cBOOKS
_eThird Edition
_hH62CHE
_kH
_mCHE
999 _c172623
_d172623